[Event "Oberliga NRW 1920"]
[Site "Germany"]
[Date "2019.10.13"]
[Round "2.7"]
[White "Winterkamp, Sascha"]
[Black "Chilla, Jan Eric"]
[Result "0-1"]
[WhiteElo "1955"]
[BlackElo "2202"]
[PlyCount "48"]
[EventDate "2019.09.15"]
[EventType "team-tourn"]
[EventRounds "9"]
[EventCountry "GER"]
[SourceTitle "CBM 195 Extra"]
[Source "ChessBase"]
[SourceDate "2020.05.31"]
[SourceVersion "1"]
[SourceVersionDate "2020.05.31"]
[SourceQuality "1"]
[WhiteTeam "Plettenberg"]
[BlackTeam "Muenster"]
[WhiteTeamCountry "GER"]
[BlackTeamCountry "GER"]

1. d4 Nf6 2. Nf3 e6 3. Bg5 c5 4. e3 cxd4 5. exd4 b6 6. Nbd2 Bb7 7. Bd3 Be7 8. Bxf6 Bxf6 9. Qe2 d6 10. c3 Nd7 11. 0-0-0 a6 12. Ne4 Be7 13. h4 h6 14. Nfd2 b5 15. Qg4 g6 16. Qf4 Nb6 17. Rde1 Rc8 18. Kb1 Bd5 19. Rh3 f5 20. Ng3 Bxg2 21. Nxf5 gxf5 22. Rh2 Bd5 23. f3 Kd7 24. Rhe2 Bxh4 0-1

[Event "NRW Class2 1819"]
[Site "Germany"]
[Date "2018.09.16"]
[Round "1.7"]
[White "Winterkamp, Sascha"]
[Black "Marchenko, Dimitrij"]
[Result "1/2-1/2"]
[WhiteElo "1966"]
[BlackElo "1787"]
[PlyCount "32"]
[EventDate "2018.09.16"]
[EventType "team-tourn"]
[EventRounds "9"]
[EventCountry "GER"]
[SourceTitle "EXT 2022"]
[Source "ChessBase"]
[SourceDate "2021.10.06"]
[SourceVersion "1"]
[SourceVersionDate "2021.10.06"]
[SourceQuality "1"]
[WhiteTeam "Plettenberg"]
[BlackTeam "Iserlohn Koenigsspringer"]
[WhiteTeamCountry "GER"]
[BlackTeamCountry "GER"]

1. d4 e6 2. Nf3 d5 3. Bg5 Be7 4. h4 h6 5. Bf4 Nf6 6. e3 c5 7. c3 Nc6 8. Nbd2 Bd6 9. Ne5 Qc7 10. Bb5 Bd7 11. Ndf3 Nxe5 12. dxe5 Bxb5 13. exd6 Qb6 14. Nd2 Bd3 15. Qa4+ Qb5 16. Qa3 Nd7 1/2-1/2

[Event "Ruhrgebiet Verbandsliga Gruppe 2 1516"]
[Site "Germany"]
[Date "2015.12.20"]
[Round "5.2"]
[White "Sicars, Thorsten"]
[Black "Winterkamp, Sascha"]
[Result "1-0"]
[WhiteElo "1979"]
[BlackElo "2018"]
[PlyCount "147"]
[EventDate "2015.09.06"]
[EventType "team-tourn"]
[EventRounds "9"]
[EventCountry "GER"]
[SourceTitle "EXT 2022"]
[Source "ChessBase"]
[SourceDate "2021.10.06"]
[SourceVersion "1"]
[SourceVersionDate "2021.10.06"]
[SourceQuality "1"]
[WhiteTeam "Wattenscheid SV III"]
[BlackTeam "Wanne-Eickel SV Unser Fritz"]
[WhiteTeamCountry "GER"]
[BlackTeamCountry "GER"]

1. d4 c5 2. d5 e6 3. e4 d6 4. Nc3 a6 5. a4 Be7 6. Nf3 e5 7. Be2 h6 8. Nd2 Nd7 9. a5 Bg5 10. Nc4 Qf6 11. 0-0 Ne7 12. Rb1 Ng6 13. Re1 Nf4 14. Bf1 h5 15. g3 Ng6 16. Bxg5 Qxg5 17. Nxd6+ Kf8 18. Qc1 Qf6 19. Nf5 h4 20. Qd2 Qd8 21. Na4 hxg3 22. fxg3 Nf6 23. Nb6 Nxe4 24. Rxe4 Bxf5 25. Rc4 Rb8 26. Qf2 Qg5 27. Bg2 Qh5 28. h4 f6 29. Bf3 Qh7 30. Qxc5+ Kg8 31. d6 Qh6 32. Rd1 Rd8 33. Qd5+ Kh7 34. Qd2 Nf8 35. Qxh6+ Kxh6 36. Bxb7 Be6 37. Rc7 Bg4 38. Rd2 Ne6 39. Rc4 Nd4 40. c3 Nb3 41. Rxg4 Nxd2 42. d7 Nb3 43. Bxa6 Nxa5 44. Bc8 Nc6 45. Rc4 Ne7 46. b4 g5 47. b5 Rhg8 48. Kf2 gxh4 49. Rxh4+ Kg5 50. Ba6 Nf5 51. Rh7 Nd6 52. Nd5 Ne4+ 53. Kg2 Kg6 54. Re7 Kh6 55. Bc8 Rxg3+ 56. Kf1 Nd6 57. Ba6 Rd3 58. Nb4 Rxc3 59. Nc6 Rg8 60. d8Q Rxd8 61. Nxd8 Nc4 62. Re6 Kg6 63. b6 Ne3+ 64. Kf2 Kf5 65. Rc6 Ng4+ 66. Ke2 Rb3 67. Bc8+ Kf4 68. Bxg4 Rb2+ 69. Ke1 Kxg4 70. Rxf6 e4 71. b7 Kg5 72. Rf7 Kg6 73. Re7 Kf5 74. Nc6 1-0

[Event "Ruhrgebiet Verbandsliga Gruppe 2 1516"]
[Site "Germany"]
[Date "2015.11.08"]
[Round "3.3"]
[White "Winterkamp, Sascha"]
[Black "Weyh, Thomas"]
[Result "0-1"]
[WhiteElo "2018"]
[BlackElo "1986"]
[PlyCount "64"]
[EventDate "2015.09.06"]
[EventType "team-tourn"]
[EventRounds "9"]
[EventCountry "GER"]
[SourceTitle "EXT 2022"]
[Source "ChessBase"]
[SourceDate "2021.10.06"]
[SourceVersion "1"]
[SourceVersionDate "2021.10.06"]
[SourceQuality "1"]
[WhiteTeam "Wanne-Eickel SV Unser Fritz"]
[BlackTeam "Oberhausen SV II"]
[WhiteTeamCountry "GER"]
[BlackTeamCountry "GER"]

1. d4 d5 2. Nf3 e6 3. c4 c5 4. cxd5 exd5 5. Nc3 Nc6 6. h3 Nf6 7. e3 Bd6 8. Be2 a6 9. 0-0 0-0 10. b3 cxd4 11. Nxd4 Be5 12. Bf3 Nxd4 13. exd4 Bc7 14. Ba3 Re8 15. Rc1 Bf4 16. Ra1 Bf5 17. Ne2 Bc7 18. Ng3 Bg6 19. Bc1 Qd6 20. h4 h6 21. a3 Ne4 22. Bxe4 Rxe4 23. h5 Bh7 24. f4 Rxd4 25. Qg4 Qe6 26. Qh4 Bd8 27. Qh2 Rd3 28. f5 Qb6+ 29. Kh1 Bc7 30. Bf4 Re8 31. Rac1 Bxf4 32. Rxf4 Qe3 0-1

[Event "Ruhrgebiet Verbandsklasse Gruppe 3 1415"]
[Site "Germany"]
[Date "2015.04.26"]
[Round "9.6"]
[White "Winterkamp, Sascha"]
[Black "Dreier, Daniel"]
[Result "1-0"]
[WhiteElo "1980"]
[BlackElo "1887"]
[PlyCount "69"]
[EventDate "2014.09.21"]
[EventType "team-tourn"]
[EventRounds "9"]
[EventCountry "GER"]
[SourceTitle "EXT 2022"]
[Source "ChessBase"]
[SourceDate "2021.10.06"]
[SourceVersion "1"]
[SourceVersionDate "2021.10.06"]
[SourceQuality "1"]
[WhiteTeam "Wanne-Eickel SV Unser Fritz"]
[BlackTeam "Eichlinghofen SV"]
[WhiteTeamCountry "GER"]
[BlackTeamCountry "GER"]

1. d4 Nf6 2. c4 e5 3. dxe5 Ne4 4. Qd4 Nc5 5. Nf3 Nc6 6. Qd1 h6 7. a3 a5 8. Nc3 g5 9. h3 Bg7 10. Be3 Ne6 11. Qd5 b6 12. Qe4 Bb7 13. Nd5 Rb8 14. Rd1 Ne7 15. h4 Ng6 16. hxg5 hxg5 17. Rxh8+ Bxh8 18. Qf5 d6 19. Nxg5 Qd7 20. exd6 Nxg5 21. Nxc7+ Kd8 22. Bxg5+ Kc8 23. Qxd7+ Kxd7 24. Bc1 Be5 25. g3 Rh8 26. f4 Bf6 27. Nd5 Bd8 28. Be3 Kxd6 29. Nxb6+ Ke6 30. g4 Nxf4 31. Bxf4 Bxb6 32. Rd6+ Ke7 33. Rxb6 Be4 34. Kf2 Rh4 35. Bg5+ 1-0

[Event "Ruhrgebiet Verbandsklasse Gruppe 3 1415"]
[Site "Germany"]
[Date "2014.10.19"]
[Round "2"]
[White "Winterkamp, Sascha"]
[Black "Dahlbeck, Mirko"]
[Result "1-0"]
[WhiteElo "1947"]
[BlackElo "1818"]
[PlyCount "99"]
[EventDate "2014.09.21"]
[EventType "team-tourn"]
[EventRounds "9"]
[EventCountry "GER"]
[SourceTitle "EXT 2022"]
[Source "ChessBase"]
[SourceDate "2021.10.06"]
[SourceVersion "1"]
[SourceVersionDate "2021.10.06"]
[SourceQuality "1"]
[WhiteTeam "Wanne-Eickel SV Unser Fritz"]
[BlackTeam "Annen Sport Union"]
[WhiteTeamCountry "GER"]
[BlackTeamCountry "GER"]

1. d4 d5 2. Nf3 c5 3. c3 cxd4 4. cxd4 Nf6 5. Nc3 Nc6 6. e3 e6 7. Bd3 Bd6 8. a3 a6 9. b4 b5 10. Bb2 Bb7 11. 0-0 0-0 12. e4 dxe4 13. Nxe4 Nxe4 14. Bxe4 Rc8 15. Qe2 h6 16. Rfe1 Ba8 17. Rad1 Ne7 18. Bxa8 Rxa8 19. Nd2 Nd5 20. Ne4 Qe7 21. Nc5 Rfb8 22. Qf3 a5 23. bxa5 Rxa5 24. Re2 b4 25. axb4 Rxb4 26. Ne4 Rab5 27. Nxd6 Qxd6 28. Ba3 Rxd4 29. Red2 Rxd2 30. Bxd6 Rxd1+ 31. Qxd1 Nc3 32. Qc2 Rb1+ 33. Qxb1 Nxb1 34. Bb4 f5 35. Kf1 Kf7 36. Ke1 Kf6 37. Kd1 Ke5 38. Kc2 Ke4 39. Kxb1 Kd3 40. Kc1 Ke2 41. Bc5 g5 42. Kc2 h5 43. g3 h4 44. f4 hxg3 45. hxg3 g4 46. Be7 Kf3 47. Bh4 Ke4 48. Kd2 e5 49. fxe5 Kxe5 50. Ke3 1-0

[Event "Ruhrgebiet Verbandsklasse Gruppe 3 1415"]
[Site "Germany"]
[Date "2014.09.21"]
[Round "1"]
[White "Poeter, Manfred"]
[Black "Winterkamp, Sascha"]
[Result "0-1"]
[WhiteElo "1666"]
[BlackElo "1947"]
[PlyCount "94"]
[EventDate "2014.09.21"]
[EventType "team-tourn"]
[EventRounds "9"]
[EventCountry "GER"]
[SourceTitle "EXT 2022"]
[Source "ChessBase"]
[SourceDate "2021.10.06"]
[SourceVersion "1"]
[SourceVersionDate "2021.10.06"]
[SourceQuality "1"]
[WhiteTeam "Haltern"]
[BlackTeam "Wanne-Eickel SV Unser Fritz"]
[WhiteTeamCountry "GER"]
[BlackTeamCountry "GER"]

1. d4 Nf6 2. c4 c5 3. Nf3 g6 4. Nc3 Bg7 5. d5 d6 6. e4 0-0 7. Be2 Nbd7 8. 0-0 a6 9. a4 h6 10. Nd2 Ne8 11. f4 Nc7 12. Nf3 Rb8 13. Bd2 Re8 14. Re1 e6 15. Bd3 exd5 16. exd5 Nf6 17. Qc2 Bg4 18. Rxe8+ Ncxe8 19. Rf1 Nc7 20. f5 g5 21. h3 Bxf3 22. Rxf3 b5 23. axb5 axb5 24. b3 bxc4 25. bxc4 Na6 26. Nb5 Nb4 27. Qb3 Qb6 28. Kh2 Nd7 29. Bxb4 cxb4 30. Qxb4 Ne5 31. Re3 Nxd3 32. Rxd3 Be5+ 33. Kh1 Qf2 34. Rf3 Qe2 35. Kg1 Qd1+ 36. Kf2 Bd4+ 37. Kg3 Be5+ 38. Kf2 Qc2+ 39. Kf1 Ra8 40. Na3 Qc1+ 41. Ke2 Qg1 42. g4 Qg2+ 43. Ke3 Bf4+ 44. Rxf4 gxf4+ 45. Kxf4 Qf2+ 46. Ke4 Re8+ 47. Kd3 Re3+ 0-1

[Event "NRW Verbandsliga Group1 1314"]
[Site "Nordrheinwestfalen"]
[Date "2013.11.24"]
[Round "4.5"]
[White "Winterkamp, Sascha"]
[Black "Aranovsky, Mikhail"]
[Result "1-0"]
[WhiteElo "1973"]
[BlackElo "1850"]
[PlyCount "83"]
[EventDate "2013.09.08"]
[EventType "team-tourn"]
[EventRounds "9"]
[EventCountry "GER"]
[SourceTitle "EXT 2020"]
[Source "ChessBase"]
[SourceDate "2019.10.17"]
[SourceVersion "1"]
[SourceVersionDate "2019.10.17"]
[SourceQuality "1"]
[WhiteTeam "Hoentrop SG"]
[BlackTeam "Bochum SC an der Uni"]
[WhiteTeamCountry "GER"]
[BlackTeamCountry "GER"]

1. d4 Nf6 2. Nf3 c5 3. c3 d5 4. e3 e6 5. Bd3 Nc6 6. 0-0 Bd6 7. Nbd2 0-0 8. Qe2 cxd4 9. exd4 Qc7 10. Re1 Nd7 11. Nf1 Re8 12. Ne3 Nf6 13. c4 Nb4 14. Bb1 dxc4 15. Nxc4 Bd7 16. Nce5 Rac8 17. Ng5 Rf8 18. Bf4 Nbd5 19. Bg3 h6 20. Ne4 Nxe4 21. Bxe4 Nf6 22. Bd3 Rfd8 23. Bh4 Be7 24. Bxf6 Bxf6 25. Qe4 Bxe5 26. Qh7+ Kf8 27. dxe5 Bc6 28. Bf1 Rd2 29. Qh8+ Ke7 30. Qxg7 Rxb2 31. Qf6+ Ke8 32. Qh8+ Ke7 33. Qf6+ Ke8 34. Qxh6 Qb6 35. Qh8+ Ke7 36. Qf6+ Ke8 37. Rad1 Bd5 38. Rxd5 exd5 39. e6 Rxf2 40. exf7+ Kf8 41. Qe7+ Kg7 42. f8Q+ 1-0

[Event "NRW Verbandsliga Group1 1314"]
[Site "Nordrheinwestfalen"]
[Date "2013.09.08"]
[Round "1"]
[White "Winterkamp, Sascha"]
[Black "Huette, Stefan"]
[Result "0-1"]
[WhiteElo "1973"]
[BlackElo "2018"]
[PlyCount "48"]
[EventDate "2013.09.08"]
[EventType "team-tourn"]
[EventRounds "9"]
[EventCountry "GER"]
[SourceTitle "EXT 2020"]
[Source "ChessBase"]
[SourceDate "2019.10.17"]
[SourceVersion "1"]
[SourceVersionDate "2019.10.17"]
[SourceQuality "1"]
[WhiteTeam "Hoentrop SG"]
[BlackTeam "Essen Werden"]
[WhiteTeamCountry "GER"]
[BlackTeamCountry "GER"]

1. d4 d5 2. Nf3 Bg4 3. Nbd2 Nf6 4. c3 e6 5. Qb3 Nbd7 6. e3 Bd6 7. Bd3 0-0 8. e4 e5 9. dxe5 Nc5 10. Qc2 dxe4 11. Bxe4 Nfxe4 12. b4 Nxd2 13. Bxd2 Bxf3 14. gxf3 Re8 15. f4 Bxe5 16. fxe5 Nd3+ 17. Kf1 Qd7 18. h3 Rxe5 19. Be3 Rae8 20. Rd1 Qc6 21. Ke2 Nxf2 22. Kxf2 Rxe3 23. Rhf1 Qf6+ 24. Kg1 Qg5+ 0-1

[Event "Ruhrgebiet Verbandsliga2 1213"]
[Site "Nordrheinwestfalen"]
[Date "2013.04.07"]
[Round "8"]
[White "Winterkamp, Sascha"]
[Black "Schneider, Markus"]
[Result "1-0"]
[WhiteElo "1942"]
[BlackElo "1878"]
[PlyCount "81"]
[EventDate "2012.09.02"]
[EventType "team-tourn"]
[EventRounds "9"]
[EventCountry "GER"]
[SourceTitle "EXT 2020"]
[Source "ChessBase"]
[SourceDate "2019.10.17"]
[SourceVersion "1"]
[SourceVersionDate "2019.10.17"]
[SourceQuality "1"]
[WhiteTeam "Hoentrop SG"]
[BlackTeam "Mengede SG"]
[WhiteTeamCountry "GER"]
[BlackTeamCountry "GER"]

1. d4 Nf6 2. Nf3 g6 3. c4 Bg7 4. Nc3 0-0 5. e4 d6 6. Be2 e5 7. 0-0 Nc6 8. d5 Ne7 9. b4 a5 10. bxa5 Rxa5 11. Nd2 c5 12. dxc6 bxc6 13. Nb3 Ra8 14. Bb2 d5 15. exd5 cxd5 16. Nxd5 Nfxd5 17. cxd5 Nxd5 18. Bf3 Be6 19. Nc5 Qd6 20. Nxe6 fxe6 21. a4 Rf4 22. g3 Rc4 23. Bg2 Ra5 24. Re1 Qc7 25. Bh3 Rc6 26. Rc1 Rxc1 27. Bxe6+ Kh8 28. Bxc1 Nc3 29. Qb3 Rc5 30. Be3 Rc6 31. Bh3 h6 32. Bg2 Rc4 33. a5 e4 34. Bf1 Ra4 35. Rc1 Qxa5 36. Bd2 Ra3 37. Qb8+ Kh7 38. Kg2 e3 39. Bc4 h5 40. Qg8+ Kh6 41. Bxe3+ 1-0

[Event "Ruhrgebiet Verbandsliga2 1213"]
[Site "Nordrheinwestfalen"]
[Date "2012.10.28"]
[Round "3.4"]
[White "Winterkamp, Sascha"]
[Black "Limbourg, Philipp"]
[Result "0-1"]
[WhiteElo "1942"]
[BlackElo "2074"]
[PlyCount "58"]
[EventDate "2012.09.02"]
[EventType "team-tourn"]
[EventRounds "9"]
[EventCountry "GER"]
[SourceTitle "EXT 2020"]
[Source "ChessBase"]
[SourceDate "2019.10.17"]
[SourceVersion "1"]
[SourceVersionDate "2019.10.17"]
[SourceQuality "1"]
[WhiteTeam "Hoentrop SG"]
[BlackTeam "Muelheim Nord III"]
[WhiteTeamCountry "GER"]
[BlackTeamCountry "GER"]

1. d4 f5 2. h3 c5 3. d5 Nf6 4. g4 fxg4 5. hxg4 Nxg4 6. Qd3 d6 7. Nf3 Nd7 8. c4 Nde5 9. Nxe5 Nxe5 10. Qc2 g6 11. Bg2 Bg7 12. f4 Nf7 13. Bd2 Bf5 14. e4 Bg4 15. Bc3 Bxc3+ 16. Qxc3 Qb6 17. Nd2 0-0-0 18. Qg7 Rdf8 19. Bh3 Bxh3 20. Rxh3 g5 21. 0-0-0 gxf4 22. Rg1 Qd8 23. Rf1 Rhg8 24. Qc3 Ne5 25. Rxh7 Rg3 26. Qc2 Rh8 27. Rxh8 Qxh8 28. Qa4 Nd3+ 29. Kc2 Qxb2+ 0-1

[Event "Ruhrgebiet VK1 1112"]
[Site "Nordrheinwestfalen"]
[Date "2012.03.04"]
[Round "7"]
[White "Winterkamp, Sascha"]
[Black "Markert, Dirk"]
[Result "1/2-1/2"]
[WhiteElo "1970"]
[BlackElo "1963"]
[PlyCount "85"]
[EventDate "2012.09.18"]
[EventType "team-tourn"]
[EventRounds "9"]
[EventCountry "GER"]
[SourceTitle "EXT 2020"]
[Source "ChessBase"]
[SourceDate "2019.10.17"]
[SourceVersion "1"]
[SourceVersionDate "2019.10.17"]
[SourceQuality "1"]
[WhiteTeam "Hoentrop SG"]
[BlackTeam "Kamen SV II"]
[WhiteTeamCountry "GER"]
[BlackTeamCountry "GER"]

1. d4 d5 2. Nf3 e6 3. c3 Nf6 4. Bg5 Be7 5. Nbd2 0-0 6. e3 b6 7. Bd3 Bb7 8. Qc2 h6 9. h4 Nbd7 10. Bxf6 Nxf6 11. Ne5 c5 12. g4 Nd7 13. Nxd7 Qxd7 14. Nf3 Bd6 15. h5 cxd4 16. exd4 e5 17. Bf5 Qc7 18. 0-0-0 e4 19. Ne1 Rfe8 20. Ng2 Ba6 21. Ne3 Bf4 22. Qa4 Bd3 23. Bd7 Red8 24. Bb5 Bxb5 25. Qxb5 a6 26. Qb3 b5 27. Kb1 Bxe3 28. fxe3 Qg3 29. Rde1 Qxg4 30. Qc2 Rac8 31. Qh2 Kh8 32. Rhg1 Qe6 33. Qg3 Rg8 34. Qf4 Rce8 35. Ref1 Re7 36. Rf2 Rd7 37. Rfg2 Kh7 38. Rh1 a5 39. Rg4 Kh8 40. Rhg1 Kh7 41. Qg3 Qf6 42. Rf4 Qd6 43. Qg4 1/2-1/2

[Event "Ruhrgebiet VK1 1112"]
[Site "Nordrheinwestfalen"]
[Date "2012.02.12"]
[Round "6"]
[White "Winterkamp, Sascha"]
[Black "Petri, Norbert"]
[Result "1-0"]
[WhiteElo "1970"]
[BlackElo "1910"]
[PlyCount "55"]
[EventDate "2012.09.18"]
[EventType "team-tourn"]
[EventRounds "9"]
[EventCountry "GER"]
[SourceTitle "EXT 2020"]
[Source "ChessBase"]
[SourceDate "2019.10.17"]
[SourceVersion "1"]
[SourceVersionDate "2019.10.17"]
[SourceQuality "1"]
[WhiteTeam "Hoentrop SG"]
[BlackTeam "Listiger Bauer Essen"]
[WhiteTeamCountry "GER"]
[BlackTeamCountry "GER"]

1. d4 d5 2. Nf3 e6 3. c3 c5 4. e3 Nc6 5. Nbd2 Nf6 6. Bd3 Bd6 7. Qe2 Qc7 8. h3 a6 9. a3 b5 10. e4 dxe4 11. Nxe4 Nxe4 12. Bxe4 cxd4 13. cxd4 0-0 14. Bd2 f5 15. Bb1 e5 16. Ba2+ Kh8 17. Rc1 exd4 18. 0-0 Bb7 19. Ng5 Rae8 20. Qh5 g6 21. Qh4 Qd7 22. Rfe1 Re7 23. Ne6 Rff7 24. Bg5 Be5 25. Nc5 Qc7 26. Bxe7 Rxe7 27. Nxb7 Qxb7 28. Bd5 1-0

[Event "Ruhrgebiet VK1 1112"]
[Site "Nordrheinwestfalen"]
[Date "2011.11.13"]
[Round "3"]
[White "Kuckelkorn, Joerg"]
[Black "Winterkamp, Sascha"]
[Result "0-1"]
[WhiteElo "1745"]
[BlackElo "1970"]
[PlyCount "64"]
[EventDate "2012.09.18"]
[EventType "team-tourn"]
[EventRounds "9"]
[EventCountry "GER"]
[SourceTitle "EXT 2020"]
[Source "ChessBase"]
[SourceDate "2019.10.17"]
[SourceVersion "1"]
[SourceVersionDate "2019.10.17"]
[SourceQuality "1"]
[WhiteTeam "Dortmund FS 98"]
[BlackTeam "Hoentrop SG"]
[WhiteTeamCountry "GER"]
[BlackTeamCountry "GER"]

1. e4 c5 2. Nf3 d6 3. d4 cxd4 4. Nxd4 Nf6 5. Nc3 a6 6. Bg5 e6 7. f4 Qb6 8. Nb3 h6 9. Bh4 Be7 10. Bf2 Qc7 11. Qf3 b5 12. Bd3 Nc6 13. 0-0 Bb7 14. a4 b4 15. Nd1 d5 16. e5 Nd7 17. Ne3 h5 18. Qe2 g5 19. Nxd5 exd5 20. e6 fxe6 21. Qxe6 0-0-0 22. fxg5 Bd6 23. h4 Rde8 24. Qxd5 Nce5 25. Qd4 Qc6 26. Be4 Qxe4 27. Qxe4 Bxe4 28. Rfd1 Bc7 29. Rac1 Ng4 30. Bd4 Rhf8 31. c3 Bf4 32. Nd2 b3 0-1